2 joueurs : leur club commun - Niveau 3/5 (Football) - Statistiques

Statistiques générales
  • Ce quiz a été pris 91 fois
  • Le résultat moyen est 7 sur 10
Statistiques - réponses
Par images Réponse % Correct
Arsenal FC
94%
FC Porto
91%
AS Monaco
89%
Atlético Madrid
77%
Tottenham Hotspur
76%
Bayern Munich
70%
RSC Anderlecht
65%
PSV Eindhoven
62%
Juventus FC
59%
Werder Brême
49%
Aucun quiz correspondant
Distribution des résultats
% des personnes avec chaque résultat
Percentile par nombre de réponses
Votre historique - résultats
Vous n’avez pas pris ce quiz